Southville International School and Colleges
Your cart is empty.
  • Cart
  • Lists
    Public lists Eva Luna New books Lux_list list_1
    Your lists Log in to create your own lists
  • Log in to your account
  • Your cookies
  • Search history
Southville International School and Colleges
  • Advanced search
  • Recent comments
  • Most popular
  • Libraries

Log in to your account

Log in with GOOGLE


If you do not have an external account, but do have a local account, you can still log in:

  1. Home
  2. MARC view: IELTS foundation study skills :
Normal view MARC view ISBD view

IELTS foundation study skills : (Record no. 21971)

[ view plain ]
MARC details
000 -LEADER
fixed length control field 00821nam a2200241 a 4500
005 - DATE AND TIME OF LATEST TRANSACTION
control field 20140310183347.0
008 - FIXED-LENGTH DATA ELEMENTS--GENERAL INFORMATION
fixed length control field 070222s19uu xx 00 eng d
020 ## - INTERNATIONAL STANDARD BOOK NUMBER
International Standard Book Number 1-4050-8201-1
050 ## - LIBRARY OF CONGRESS CALL NUMBER
Classification number PE 1693
Item number .F873 2009
100 ## - MAIN ENTRY--PERSONAL NAME
Personal name French, Amanda.
245 ## - TITLE STATEMENT
Title IELTS foundation study skills :
Remainder of title a self-study course for all General Training Modules.
Statement of responsibility, etc Amanda French.
260 ## - PUBLICATION, DISTRIBUTION, ETC. (IMPRINT)
Place of publication, distribution, etc Between Towns Road, Oxford :
Name of publisher, distributor, etc Macmillan Education,
Date of publication, distribution, etc 2009.
300 ## - PHYSICAL DESCRIPTION
Extent 112 p. :
Dimensions 28 cm.
521 ## - TARGET AUDIENCE NOTE
Target audience note
650 ## - SUBJECT ADDED ENTRY--TOPICAL TERM
Topical term or geographic name as entry element International English Language Testing System.
650 ## - SUBJECT ADDED ENTRY--TOPICAL TERM
Topical term or geographic name as entry element English Language
General subdivision Textbooks for Foreign Speakers.
650 ## - SUBJECT ADDED ENTRY--TOPICAL TERM
Topical term or geographic name as entry element English Language
General subdivision Examination
-- Study guides.
700 ## - ADDED ENTRY--PERSONAL NAME
Personal name Roberts, Rachael
700 ## - ADDED ENTRY--PERSONAL NAME
Personal name Gakonga, Joanne
700 ## - ADDED ENTRY--PERSONAL NAME
Personal name Preshous, Andrew
942 ## - ADDED ENTRY ELEMENTS (KOHA)
Koha item type Books
Source of classification or shelving scheme Library of Congress Classification
Call number prefix Foreign
Holdings
Withdrawn status Lost status Source of classification or shelving scheme Damaged status Home library Current library Shelving location Date acquired Total Checkouts Full call number Barcode Date last seen Copy number Price effective from Koha item type
    Library of Congress Classification   College Library College Library General Circulation Section 08/25/2010   PE 1693 .F873 2009 C8249 05/15/2018 1 03/10/2014 Books

IELTS foundation study skills :

APA

French A., Roberts R., Gakonga J. & Preshous A. (2009). IELTS foundation study skills. Between Towns Road, Oxford: Macmillan Education.

Chicago

French Amanda, Roberts Rachael, Gakonga Joanne and Preshous Andrew. 2009. IELTS foundation study skills. Between Towns Road, Oxford: Macmillan Education.

Harvard

French A., Roberts R., Gakonga J. and Preshous A. (2009). IELTS foundation study skills. Between Towns Road, Oxford: Macmillan Education.

MLA

French Amanda, Roberts Rachael, Gakonga Joanne and Preshous Andrew. IELTS foundation study skills. Between Towns Road, Oxford: Macmillan Education. 2009.

  • Place hold
  • Print
  • Cite
  • Add to your cart (remove)
  • Save record
    BIBTEX Dublin Core MARCXML MARC (non-Unicode/MARC-8) MARC (Unicode/UTF-8) MARC (Unicode/UTF-8, Standard) MODS (XML) RIS
  • More searches
    Search for this title in:
    Other Libraries (WorldCat) Other Databases (Google Scholar) Online Stores (Bookfinder.com) Open Library (openlibrary.org)

Exporting to Dublin Core...

SOUTHVILLE LIBRARY

Southville International School and Colleges Library

1281 Tropical Ave. Cor. Luxembourg St., BF Homes International, Las Pinas City

Tel. No. 8256374 / 252358 Loc. 117/146

Powered by Koha